Ben 10 Trivia - Statistics

General Stats
  • This quiz has been taken 722 times
  • The average score is 6 of 8
Answer Stats
Hint Answer % Correct
Who is Ben's cousin? Gwen
99%
Ben's first alien Heatblast
89%
Who is Ben's toughest enemy? Vilgax
88%
Which of Ben's aliens is very smart but vert tiny in size? Grey Matter
81%
Which alien can enhance or adapt to technology? Upgrade
81%
Who is Ben's grandfather? Grandpa Max
63%
What is Ben's home town called? Bellwood
41%
What kind of vehicle does Ben's grandfather drives? Recreational Vehicle
10%
No matching quizzes found
Score Distribution
Percent of People with Each Score
Percentile by Number Answered
Your Score History
You have not taken this quiz